[Event "XV Open de Erandio "]
[Site "Erandio"]
[Date "2006.12.22"]
[Round "8.9"]
[White "Bratu, J."]
[Black "Gonzalez Pereira, A."]
[Result "1/2-1/2"]
[WhiteElo "2023"]
[BlackElo "1802"]
[PlyCount "29"]
[EventDate "2006.12.16"]

1. e4 c5 2. Ne2 d6 3. Nbc3 g6 4. g3 Bg7 5. Bg2 Nc6 6. d3 Nf6 7. Nd5 h5 8. h3
Bd7 9. c3 Rb8 10. Be3 b5 11. d4 c4 12. Qd2 h4 13. a4 Qc8 14. Bg5 bxa4 15. gxh4
1/2-1/2

[Event "XV Open de Erandio "]
[Site "Erandio"]
[Date "2006.12.22"]
[Round "8.10"]
[White "Lococo Cobo, N."]
[Black "Diaz Herrero, A."]
[Result "0-1"]
[WhiteElo "2059"]
[BlackElo "1893"]
[PlyCount "39"]
[EventDate "2006.12.16"]

1. d4 Nf6 2. Nf3 e6 3. Bg5 h6 4. Bh4 c5 5. c3 cxd4 6. cxd4 b6 7. e3 Be7 8. Nbd2
O-O 9. Rc1 Bb7 10. Bd3 d5 11. Ne5 Nbd7 12. f4 Ne4 13. Bxe7 Qxe7 14. Rc7 Nxe5
15. Rxe7 Nxd3+ 16. Ke2 Ba6 17. Kf3 Ndf2 18. Qa4 Nxh1 19. Nxe4 dxe4+ 20. Kxe4
0-1

[Event "XV Open de Erandio "]
[Site "Erandio"]
[Date "2006.12.23"]
[Round "9.2"]
[White "Paunovic, D."]
[Black "Mirzoev, A."]
[Result "1-0"]
[WhiteElo "2500"]
[BlackElo "2527"]
[PlyCount "93"]
[EventDate "2006.12.16"]

1. Nf3 e6 2. g3 d5 3. Bg2 Nf6 4. O-O c5 5. c4 d4 6. d3 Nc6 7. a3 Be7 8. e3 a5
9. exd4 cxd4 10. Bg5 O-O 11. Nbd2 h6 12. Bxf6 Bxf6 13. Re1 a4 14. c5 Be7 15. b4
axb3 16. Nxb3 Bf6 17. Nfd2 e5 18. Nc4 Be6 19. Qc2 Qc7 20. Nbd2 Be7 21. Ne4 Na5
22. Ncd6 Bd5 23. Nf5 Rfd8 24. Qd1 Be6 25. Nxe7+ Qxe7 26. Rb1 Bd5 27. Nd6 Bxg2
28. Kxg2 f6 29. Qf3 Kh8 30. Rb6 Qc7 31. Reb1 Rdb8 32. Qd5 Ra6 33. R1b5 Rba8 34.
Nxb7 Nxb7 35. Rxb7 Qc6 36. Qxc6 Rxc6 37. Rb8+ Rxb8 38. Rxb8+ Kh7 39. Rb5 f5 40.
a4 e4 41. Kf1 g5 42. Ke2 Kg8 43. dxe4 fxe4 44. Rb4 d3+ 45. Ke3 Rxc5 46. Rxe4
Rc8 47. Rc4 1-0

[Event "XV Open de Erandio "]
[Site "Erandio"]
[Date "2006.12.23"]
[Round "9.4"]
[White "Varas Gonzalez, C."]
[Black "Garrido Legarreta, JJ."]
[Result "0-1"]
[WhiteElo "2281"]
[BlackElo "2062"]
[PlyCount "110"]
[EventDate "2006.12.16"]

1. e4 c5 2. Nf3 d6 3. d4 cxd4 4. Nxd4 Nf6 5. Nc3 a6 6. h3 e6 7. Be2 Nc6 8. O-O
Be7 9. a4 O-O 10. Be3 Qc7 11. Nb3 b6 12. f4 Rb8 13. Bf3 Na5 14. Nd2 Bd7 15. Qe2
b5 16. axb5 axb5 17. e5 dxe5 18. fxe5 Ne8 19. Be4 b4 20. Na4 Bb5 21. Bd3 Qxe5
22. Nf3 Bxd3 23. Qxd3 Qb5 24. Qxb5 Rxb5 25. Nd4 Rb7 26. b3 Nf6 27. Nb2 Bd8 28.
Nd3 Nd5 29. Bd2 Bb6 30. Kh1 Bxd4 31. Rxa5 h6 32. Nf4 Nxf4 33. Bxf4 Rd8 34. Rd1
Rbd7 35. Be5 Bxe5 36. Rxd7 Rxd7 37. Rxe5 Rc7 38. Re2 Kf8 39. Kg1 Ke7 40. Kf2 f5
41. Ke3 e5 42. Kd2 Ke6 43. Re1 Rc3 44. Re2 e4 45. g4 Rxh3 46. gxf5+ Kxf5 47.
Rf2+ Rf3 48. Rh2 Kg4 49. Rg2+ Rg3 50. Re2 Kf3 51. Re3+ Kf4 52. Re2 h5 53. Rh2
Kg4 54. Re2 Kf3 55. c4 bxc3+ 0-1

[Event "XV Open de Erandio "]
[Site "Erandio"]
[Date "2006.12.23"]
[Round "9.5"]
[White "Galzagorri Uli, Y."]
[Black "Rodriguez Gonzalez, A."]
[Result "1-0"]
[WhiteElo "2224"]
[BlackElo "2024"]
[PlyCount "73"]
[EventDate "2006.12.16"]

1. Nf3 d6 2. d4 Bg4 3. g3 Nd7 4. Bg2 c6 5. c4 e5 6. O-O e4 7. Ng5 Ngf6 8. Nxe4
Nxe4 9. Bxe4 h5 10. Bg2 h4 11. h3 Bxh3 12. Bxh3 hxg3 13. Bg2 gxf2+ 14. Rxf2 Qh4
15. Qd3 g5 16. Qe4+ Qxe4 17. Bxe4 Bg7 18. e3 Nf6 19. Bf5 Ke7 20. Nc3 Rh4 21.
Rh2 Rah8 22. Rxh4 Rxh4 23. Bd2 g4 24. Kg2 Rh5 25. Rf1 g3 26. Kxg3 Rg5+ 27. Kh2
Rh5+ 28. Bh3 c5 29. Kg3 Rg5+ 30. Kf3 Nh5 31. Nd5+ Ke8 32. Bg4 f5 33. Bxh5+ Rxh5
34. dxc5 Bxb2 35. Rb1 Be5 36. Rxb7 Rh3+ 37. Ke2 1-0

[Event "XV Open de Erandio "]
[Site "Erandio"]
[Date "2006.12.23"]
[Round "9.6"]
[White "Diaz Herrero, A."]
[Black "Prieto Aranguren, A."]
[Result "0-1"]
[WhiteElo "1893"]
[BlackElo "2105"]
[PlyCount "65"]
[EventDate "2006.12.16"]

1. e4 c6 2. d4 d5 3. Nc3 b5 4. e5 b4 5. Nce2 Ba6 6. Nf3 e6 7. Be3 Ne7 8. Nf4
Bxf1 9. Rxf1 Nf5 10. Qd3 Qa5 11. g4 Ne7 12. Ng5 Qb5 13. a4 Qa6 14. a5 Ng6 15.
Qxa6 Nxa6 16. Nd3 h6 17. Nh3 h5 18. g5 Ne7 19. Nhf4 g6 20. Ne2 h4 21. Nec1 Nf5
22. Nb3 Be7 23. Bf4 h3 24. Bd2 Rh5 25. f4 Rc8 26. Ndc5 Nxc5 27. dxc5 Rb8 28.
Ke2 Rb5 29. Kd3 Kd7 30. Rf3 Kc7 31. Rf2 Rxc5 32. Nxc5 Bxc5 33. Ke2 0-1

[Event "XV Open de Erandio "]
[Site "Erandio"]
[Date "2006.12.23"]
[Round "9.7"]
[White "Gonzalez Pereira, A."]
[Black "Fernandez, G."]
[Result "0-1"]
[WhiteElo "1802"]
[BlackElo "2177"]
[PlyCount "71"]
[EventDate "2006.12.16"]

1. e4 e6 2. d4 d5 3. Nc3 Bb4 4. e5 Ne7 5. a3 Bxc3+ 6. bxc3 b6 7. Qg4 Ng6 8. Bd3
Ba6 9. Bg5 Qd7 10. Qe2 Bxd3 11. Qxd3 Nc6 12. Nf3 Na5 13. O-O h6 14. Be3 Qc6 15.
Nd2 Ne7 16. f4 h5 17. Rfb1 Nc4 18. Bf2 Nf5 19. Nxc4 dxc4 20. Qe2 a5 21. a4 Rd8
22. Rb5 Rd5 23. Rab1 Rxb5 24. Rxb5 Ne7 25. Bh4 Nf5 26. Bg5 Kd7 27. Kh1 h4 28.
Kg1 Kc8 29. d5 exd5 30. Qd2 f6 31. exf6 gxf6 32. Qxd5 Qxd5 33. Rxd5 Ne7 34.
Bxf6 Nf5 35. Bxh8 b5 36. Bd4 0-1

[Event "XV Open de Erandio "]
[Site "Erandio"]
[Date "2006.12.23"]
[Round "9.8"]
[White "Angulo Martinez, J."]
[Black "Antolin Aguirre, JI."]
[Result "1-0"]
[WhiteElo "2101"]
[BlackElo "2149"]
[PlyCount "71"]
[EventDate "2006.12.16"]

1. e4 c6 2. d4 d5 3. Nc3 dxe4 4. Nxe4 Bf5 5. Ng3 Bg6 6. h4 h6 7. Nf3 Nd7 8. h5
Bh7 9. Bd3 Bxd3 10. Qxd3 Qc7 11. Bd2 e6 12. O-O-O O-O-O 13. Ne4 Ngf6 14. Kb1
Nxe4 15. Qxe4 Nf6 16. Qe2 Bd6 17. g3 c5 18. Rh4 Kb8 19. dxc5 Qxc5 20. Be3 Qa5
21. Rdd4 b6 22. Ra4 Qd5 23. a3 e5 24. c4 Qc6 25. c5 bxc5 26. Ra6 Qc7 27. Rha4
Nd5 28. Qb5+ Ka8 29. Rxa7+ Qxa7 30. Qc6+ Kb8 31. Rxa7 Kxa7 32. Qxd5 Rhe8 33.
Bxc5+ Bxc5 34. Qxc5+ Kb8 35. Qb5+ Ka8 36. Nxe5 1-0

[Event "XV Open de Erandio "]
[Site "Erandio"]
[Date "2006.12.23"]
[Round "9.10"]
[White "De Andres Oterino, C."]
[Black "Sanchez Dolado, J."]
[Result "1-0"]
[WhiteElo "1903"]
[BlackElo "1966"]
[PlyCount "57"]
[EventDate "2006.12.16"]

1. Nf3 Nf6 2. c4 g6 3. Nc3 Bg7 4. e4 d6 5. d4 O-O 6. Be2 Nbd7 7. O-O e5 8. Be3
Ng4 9. Bg5 f6 10. Bh4 Nh6 11. dxe5 dxe5 12. b4 c6 13. c5 Qe7 14. Qb3+ Kh8 15.
Rfe1 g5 16. Bg3 f5 17. exf5 Nxf5 18. Ne4 Nxg3 19. hxg3 h6 20. Bd3 Nf6 21. Re2
Be6 22. Qc2 Nxe4 23. Bxe4 Rad8 24. a3 a5 25. Rd2 Rxd2 26. Nxd2 axb4 27. axb4
Qf7 28. Nf3 Ra8 29. Rb1 1-0